[Event "Catalunya-chT Gp2 Final"]
[White "Oset Teixidor, Guerau"]
[Black "Catarineu Rabell, Manel"]
[Site "Barcelona"]
[Round "1.10"]
[Result "1/2-1/2"]
[Date "2023.03.11"]
[WhiteElo "1984"]
[BlackElo "1939"]
[PlyCount "50"]
[EventDate "2023.03.11"]
[EventType "team-k.o."]
[EventRounds "4"]
[EventCountry "ESP"]
[SourceTitle "EXT 2024"]
[Source "ChessBase"]
[SourceDate "2023.10.10"]
[SourceVersion "1"]
[SourceVersionDate "2023.10.10"]
[SourceQuality "1"]
[WhiteTeam "Mollet"]
[BlackTeam "Lira Vendrellenca"]
[WhiteTeamCountry "ESP"]
[BlackTeamCountry "ESP"]

1. b3 d5 2. Bb2 e6 3. Nf3 Nf6 4. e3 Be7 5. d4 0-0 6. Bd3 b6 7. 0-0 Bb7 8. Ne5 Nbd7 9. f4 Ne4 10. Bxe4 dxe4 11. c4 f6 12. Ng4 f5 13. Ne5 Nxe5 14. fxe5 Qd7 15. Nc3 Rad8 16. Ne2 c5 17. dxc5 Bxc5 18. Bd4 Be7 19. Qe1 Qe8 20. Qg3 Qg6 21. Nf4 Qxg3 22. hxg3 Kf7 23. Rad1 Bg5 24. Kf2 Bxf4 25. gxf4 Ke8 1/2-1/2

[Event "Barcelona Sant Marti op-B 16th"]
[White "Catarineu Rabell, Manel"]
[Black "Romeo Ros, Joaquin"]
[Site "Barcelona"]
[Round "1"]
[Result "1-0"]
[Date "2014.07.13"]
[WhiteElo "2071"]
[BlackElo "1858"]
[PlyCount "43"]
[EventDate "2014.07.13"]
[EventType "swiss"]
[EventRounds "9"]
[EventCountry "ESP"]
[SourceTitle "CBM 161 Extra"]
[Source "ChessBase"]
[SourceDate "2014.08.29"]
[SourceVersion "1"]
[SourceVersionDate "2014.08.29"]
[SourceQuality "1"]

1. e4 e5 2. Nf3 Nc6 3. Bb5 Nf6 4. 0-0 a6 5. Ba4 Be7 6. Re1 b5 7. Bb3 0-0 8. c3 d5 9. exd5 Nxd5 10. Nxe5 Nxe5 11. Rxe5 Bb7 12. d4 Bd6 13. Re2 Bxh2+ 14. Kxh2 Qh4+ 15. Kg1 Rae8 16. Bxd5 Bxd5 17. Re5 Rxe5 18. dxe5 Qe4 19. f3 Qxe5 20. Na3 Rd8 21. Nc2 Rd6 22. Qe1 1-0